Writing news for television : (Record no. 5803)

MARC details
000 -LEADER
fixed length control field 01125cam a2200217 4500
001 - CONTROL NUMBER
control field 6864
010 ## - LIBRARY OF CONGRESS CONTROL NUMBER
LC control number 97019031
020 ## - INTERNATIONAL STANDARD BOOK NUMBER
International Standard Book Number 0813825334
International Standard Book Number 9780813825335
100 1# - MAIN ENTRY--PERSONAL NAME
Personal name Carroll, Victoria.
245 10 - TITLE STATEMENT
Title Writing news for television :
Remainder of title style and format /
Statement of responsibility, etc. Victoria McCullough Carroll.
250 ## - EDITION STATEMENT
Edition statement 1st ed.
260 ## - PUBLICATION, DISTRIBUTION, ETC.
Place of publication, distribution, etc. Ames :
Name of publisher, distributor, etc. Iowa State University Press,
Date of publication, distribution, etc. 1997.
300 ## - PHYSICAL DESCRIPTION
Extent xiii, 290 p. :
Other physical details ill. ;
Dimensions 26 cm.
504 ## - BIBLIOGRAPHY, ETC. NOTE
Bibliography, etc. note Includes bibliographical references and index.
505 0# - FORMATTED CONTENTS NOTE
Formatted contents note 1. Writing News for Television: The Business -- 2. The Importance of Good Grammar -- 3. Writing for the Ear -- 4. A News Story: Beginning, Middle and End -- 5. Clip and Keep -- 6. Reader Scripts -- 7. Scripts with Full Screen Graphics -- 8. Scripts with vo -- 9. Scripts with sots -- 10. Scripts with vo and sots -- 11. Combining Elements -- 12. Package Scripts -- 13. Interviewing and Reporting -- 14. Producing -- 15. The Newsroom -- 16. Getting a Job.
650 #0 - SUBJECT ADDED ENTRY--TOPICAL TERM
Topical term or geographic name entry element Broadcast journalism
General subdivision Authorship.
Topical term or geographic name entry element Report writing.
Topical term or geographic name entry element Television broadcasting of news.
Holdings
Withdrawn status Lost status Source of classification or shelving scheme Damaged status Not for loan Collection code Home library Current library Shelving location Date acquired Serial Enumeration / chronology Inventory number Total Checkouts Full call number Barcode Date last seen Date last checked out Price effective from Koha item type
    Dewey Decimal Classification     Main TEST RTC Library RTC Library Main opac 27/11/2018 10679 1 070 CAR 30010122 26/09/2022 01/09/2022 27/11/2018 Main
Royal Thimphu College || All Right Reserved